Т. 7; Собрание сочинений; Отверженные; Историко-литературная справка

Podrobná bibliografie
Parent link:Собрание сочинений: в 10 т./ В. М. Гюго; под общей ред. Н. М. Любимова ; худож. П. Н. Пинкисевич. Т. 7.— , 1972-
Jazyk:ruština
Vydáno: 1972
TOC:Отверженные;
М. Толмачев, Историко-литературная справка;
Témata:
Médium: MixedMaterials Kniha
KOHA link:https://koha.lib.tpu.ru/cgi-bin/koha/opac-detail.pl?biblionumber=171775

MARC

LEADER 00000nam2a2200000 4500
001 171775
005 20231101223001.0
035 |a (RuTPU)RU\TPU\book\186244 
035 |a RU\TPU\book\186241 
090 |a 171775 
100 |a 20091208d1972 m y0rusy50 ca 
101 1 |a rus  |c fre 
102 |a RU 
105 |a a z 000ay 
200 0 |a Т. 7 
210 |d 1972 
215 |a 319 с.  |c ил. 
461 1 |0 (RuTPU)RU\TPU\book\186216  |t Собрание сочинений  |o в 10 т.  |o пер. с фр.  |f В. М. Гюго  |g под общей ред. Н. М. Любимова ; худож. П. Н. Пинкисевич  |v Т. 7  |d 1972-  |s Библиотека зарубежной классики 
464 |t Отверженные  |o роман  |h Ч. 5  |i Жан Вальжан 
464 |t Историко-литературная справка  |f М. Толмачев 
606 1 |a Французская литература  |x Произведения  |2 stltpush  |3 (RuTPU)RU\TPU\subj\64346  |9 81252 
610 1 |a романы 
610 1 |a Франция 
610 1 |a 19 век 
610 1 |a революционное движение 
675 |a 84  |v 3 
801 1 |a RU  |b 63413507  |c 20091208 
801 2 |a RU  |b 63413507  |c 20170515  |g RCR 
942 |c BK